| 000 | 01546 a2200229 4500 | ||
|---|---|---|---|
| 003 | NUST | ||
| 005 | 20230102175946.0 | ||
| 010 | _a 75017565 | ||
| 020 | _a0139653279 | ||
| 040 | _cNust | ||
| 082 | 0 | 0 | _a372.13,ING |
| 100 | 1 |
_aIngram, Barbara Kilroy, _9106663 |
|
| 245 | 1 | 4 |
_aThe workshop approach to classroom interest centers : _ba teacher's handbook of learning games and activities / _cBarbara Kilroy Ingram, Nancy Riggs Jones, Marlene LeButt ; illustrated by Barbara Kilroy Ingram. |
| 260 |
_aWest Nyack, N.Y. : _bParker Pub. Co., _c[1975] |
||
| 300 |
_a227 p. : _bill. ; _c24 cm. |
||
| 505 | _aEstablishing the Model Workshop (Page-21), Individualizing the Basic Operations Through the Math Shop (Page-34), Combining Penmanship and Creative Artistry in the Hand art Shop (Page-57), self-Discovery in the Science Shop (Page-74), The Reading Shop for Enjoyment and Enlightenment (Page-88), Stimulating the Mind Through the Creative Writing Shop (Page-101), Developing Vocabulary in The Spelling Shop (Page-116), Sight and Sound Experiences Through the A.V.Shop (Page-128), Becoming A Ware of the World in the Social Studies Shop (Page-142), Developing Study Units for the Health Shop (Page-169), Expressing yourself Correctly in the Language Shop (Page-187), Interest Centers the Workshop Way (Page-212). | ||
| 650 | 0 |
_aCreative activities and seat work. _9106664 |
|
| 650 | 0 |
_aEducational games. _9106665 |
|
| 700 | 1 |
_aJones, Nancy Riggs, _d1950- _9106666 |
|
| 700 | 1 |
_aLeButt, Marlene, _d1948- _9106667 |
|
| 942 |
_2ddc _cBK _k372.13,ING |
||
| 999 |
_c185875 _d185875 |
||